[Event "Russian Women's Higher League 2021"]
[Site "?"]
[Date "2021.07.04"]
[Round "8.24"]
[White "Izbekova, Evdokia"]
[Black "Nikolaeva, Nadezhda"]
[Result "1-0"]
[WhiteElo "1757"]
[BlackElo "1839"]
[Annotator ""]
[Source ""]
[Remark ""]

1.e4 {[%clk 1:30:58]} c5 {[%clk 1:30:54]} 2.Nf3 {[%clk 1:31:23]}
d6 {[%clk 1:31:17]} 3.d4 {[%clk 1:31:49]} cxd4 {[%clk 1:31:41]}
4.Nxd4 {[%clk 1:32:16]} Nf6 {[%clk 1:32:00]} 5.Nc3 {[%clk 1:32:41]}
Nc6 {[%clk 1:32:20]} 6.Be2 {[%clk 1:31:18]} g6 {[%clk 1:30:48]}
7.Be3 {[%clk 1:31:05]} Bg7 {[%clk 1:31:05]} 8.Qd2 {[%clk 1:29:18]}
Ng4 {[%clk 1:23:51]} 9.Bxg4 {[%clk 1:27:27]} Bxg4 {[%clk 1:24:11]}
10.f3 {[%clk 1:27:32]} Bd7 {[%clk 1:24:18]} 11.O-O-O {[%clk 1:27:23]}
Qa5 {[%clk 1:14:27]} 12.Kb1 {[%clk 1:23:17]} Rc8 {[%clk 1:05:03]}
13.Nd5 {[%clk 1:13:20]} Qxd2 {[%clk 1:03:46]} 14.Rxd2 {[%clk 1:13:43]}
Ne5 {[%clk 1:02:06]} 15.b3 {[%clk 1:09:05]} e6 {[%clk 0:55:09]}
16.Nb4 {[%clk 1:04:44]} Rc3 {[%clk 0:49:26]} 17.Nd3 {[%clk 1:04:01]}
Nxd3 {[%clk 0:48:40]} 18.Rxd3 {[%clk 1:03:13]} Rxd3 {[%clk 0:49:01]}
19.cxd3 {[%clk 1:03:39]} Ke7 {[%clk 0:48:45]} 20.Rc1 {[%clk 1:01:03]}
Rc8 {[%clk 0:47:16]} 21.Rxc8 {[%clk 1:01:13]} Bxc8 {[%clk 0:47:45]}
22.Ne2 {[%clk 1:00:27]} a6 {[%clk 0:47:21]} 23.Kc2 {[%clk 1:00:05]}
Bd7 {[%clk 0:47:31]} 24.Bg5+ {[%clk 0:54:27]} f6 {[%clk 0:47:23]}
25.Bd2 {[%clk 0:54:49]} Bc6 {[%clk 0:47:22]} 26.Nd4 {[%clk 0:54:12]}
Kd7 {[%clk 0:47:12]} 27.Nxc6 {[%clk 0:54:12]} Kxc6 {[%clk 0:47:41]}
28.Bc3 {[%clk 0:54:34]} e5 {[%clk 0:47:42]} 29.d4 {[%clk 0:53:58]}
Bh6 {[%clk 0:40:18]} 30.Kd3 {[%clk 0:52:21]} b6 {[%clk 0:39:25]}
31.a4 {[%clk 0:50:36]} Bf4 {[%clk 0:37:30]} 32.g3 {[%clk 0:49:57]}
Bc1 {[%clk 0:29:15]} 33.h3 {[%clk 0:39:09]} h5 {[%clk 0:24:30]}
34.f4 {[%clk 0:35:08]} exf4 {[%clk 0:22:18]} 35.gxf4 {[%clk 0:35:33]}
d5 {[%clk 0:20:13]} 36.f5 {[%clk 0:33:28]} dxe4+ {[%clk 0:13:58]}
37.Kxe4 {[%clk 0:33:43]} gxf5+ {[%clk 0:14:25]} 38.Kxf5 {[%clk 0:33:52]}
Kd5 {[%clk 0:14:01]} 39.Kxf6 {[%clk 0:33:37]} Be3 {[%clk 0:13:57]}
40.Kg6 {[%clk 0:57:54]} h4 {[%clk 0:44:19]} 41.Kh5 {[%clk 0:58:09]}
Bf2 {[%clk 0:44:37]} 42.Kg4 {[%clk 0:57:10]} Ke4 {[%clk 0:44:27]}
43.Bb2 {[%clk 0:55:43]} b5 {[%clk 0:43:57]} 44.axb5 {[%clk 0:55:40]}
axb5 {[%clk 0:44:16]} 45.Bc3 {[%clk 0:55:20]} Bg3 {[%clk 0:43:05]}
46.d5 {[%clk 0:51:28]} Kxd5 {[%clk 0:43:24]} 47.Bf6 {[%clk 0:51:30]}
Ke4 {[%clk 0:42:12]} 48.Bxh4 {[%clk 0:51:51]} Be5 {[%clk 0:40:41]}
49.Be7 {[%clk 0:51:29]} Bh8 {[%clk 0:40:13]} 50.h4 {[%clk 0:51:29]}
Ke5 {[%clk 0:40:36]} 51.Bb4 {[%clk 0:51:02]} Ke6 {[%clk 0:40:56]}
52.h5 {[%clk 0:51:06]} Kf7 {[%clk 0:40:41]} 53.Kf5 {[%clk 0:51:23]}
Bg7 {[%clk 0:40:39]} 54.Bd2 {[%clk 0:51:25]} Bb2 {[%clk 0:39:54]}
55.h6 {[%clk 0:50:56]} Kg8 {[%clk 0:39:13]} 56.Kg6 {[%clk 0:50:46]}
Ba1 {[%clk 0:38:49]} 57.Bg5 {[%clk 0:51:07]} b4 {[%clk 0:37:51]}
58.Bf6 {[%clk 0:50:45]} Bxf6 {[%clk 0:38:14]} 59.Kxf6 {[%clk 0:51:11]}
Kh7 {[%clk 0:38:37]} 60.Ke5 {[%clk 0:51:33]} 1-0

[Event "Russian Women's Higher League 2021"]
[Site "?"]
[Date "2021.07.04"]
[Round "8.25"]
[White "Khmeleva, Anna"]
[Black "Iljushina, Olga"]
[Result "0-1"]
[WhiteElo "1640"]
[BlackElo "2150"]
[Annotator ""]
[Source ""]
[Remark ""]

1.e4 {[%clk 1:29:57]} c5 {[%clk 1:30:56]} 2.Nf3 {[%clk 1:30:13]}
Nc6 {[%clk 1:31:21]} 3.d4 {[%clk 1:30:28]} cxd4 {[%clk 1:31:45]}
4.Nxd4 {[%clk 1:30:56]} Nf6 {[%clk 1:31:23]} 5.Nc3 {[%clk 1:31:13]}
d6 {[%clk 1:31:41]} 6.f3 {[%clk 1:30:11]} e5 {[%clk 1:31:54]}
7.Nb3 {[%clk 1:30:02]} Be6 {[%clk 1:31:03]} 8.Nd5 {[%clk 1:29:46]}
Be7 {[%clk 1:27:23]} 9.Be3 {[%clk 1:29:52]} O-O {[%clk 1:26:51]}
10.Qd2 {[%clk 1:29:55]} Bxd5 {[%clk 1:22:56]} 11.exd5 {[%clk 1:30:13]}
Nb8 {[%clk 1:22:37]} 12.h4 {[%clk 1:29:37]} Nbd7 {[%clk 1:19:20]}
13.g4 {[%clk 1:29:29]} Nb6 {[%clk 1:19:01]} 14.c4 {[%clk 1:29:05]}
Rc8 {[%clk 1:18:34]} 15.Rc1 {[%clk 1:29:14]} e4 {[%clk 1:15:54]}
16.Qg2 {[%clk 1:27:13]} exf3 {[%clk 1:15:43]} 17.Qxf3 {[%clk 1:27:28]}
Nfd7 {[%clk 1:13:16]} 18.Qg3 {[%clk 1:26:23]} Re8 {[%clk 1:12:05]}
19.g5 {[%clk 1:24:18]} Ne5 {[%clk 1:11:32]} 20.Nd2 {[%clk 1:24:22]}
Nxd5 {[%clk 1:10:56]} 21.Be2 {[%clk 1:20:08]} Nxe3 {[%clk 1:09:35]}
22.Qxe3 {[%clk 1:20:00]} Bf8 {[%clk 1:04:35]} 23.Qg3 {[%clk 1:15:57]}
Qa5 {[%clk 1:02:09]} 24.b3 {[%clk 1:10:33]} d5 {[%clk 1:01:07]}
25.Kd1 {[%clk 1:06:40]} dxc4 {[%clk 1:01:11]} 26.bxc4 {[%clk 1:05:43]}
Rcd8 {[%clk 0:58:13]} 27.Rc2 {[%clk 1:04:05]} Bb4 {[%clk 0:58:20]}
28.Qf4 {[%clk 1:04:09]} Bxd2 {[%clk 0:58:32]} 0-1

[Event "Russian Women's Higher League 2021"]
[Site "?"]
[Date "2021.07.05"]
[Round "9.1"]
[White "Guseva, Marina"]
[Black "Getman, Tatyana"]
[Result "1-0"]
[WhiteElo "2386"]
[BlackElo "2201"]
[Annotator ""]
[Source ""]
[Remark ""]

1.d4 {[%clk 1:30:58]} d5 {[%clk 1:30:54]} 2.c4 {[%clk 1:31:24]}
e6 {[%clk 1:31:20]} 3.Nf3 {[%clk 1:31:50]} Nf6 {[%clk 1:31:29]}
4.g3 {[%clk 1:32:16]} dxc4 {[%clk 1:31:17]} 5.Bg2 {[%clk 1:32:41]}
Nc6 {[%clk 1:31:37]} 6.O-O {[%clk 1:33:03]} Rb8 {[%clk 1:31:47]}
7.e3 {[%clk 1:30:12]} b5 {[%clk 1:31:33]} 8.b3 {[%clk 1:27:42]}
cxb3 {[%clk 1:31:39]} 9.axb3 {[%clk 1:28:10]} a6 {[%clk 1:30:34]}
10.Qe2 {[%clk 1:28:18]} Bb7 {[%clk 1:24:40]} 11.Bd2 {[%clk 1:28:27]}
Be7 {[%clk 1:22:00]} 12.Rc1 {[%clk 1:28:51]} O-O {[%clk 1:19:45]}
13.Ne1 {[%clk 1:29:15]} Nd5 {[%clk 1:15:29]} 14.Nd3 {[%clk 1:22:33]}
Rc8 {[%clk 1:06:34]} 15.Nc3 {[%clk 1:11:30]} Nb8 {[%clk 1:03:06]}
16.Ne4 {[%clk 1:11:52]} Nd7 {[%clk 1:02:10]} 17.Nec5 {[%clk 0:50:14]}
Nxc5 {[%clk 1:01:44]} 18.dxc5 {[%clk 0:46:57]} Bf6 {[%clk 0:50:22]}
19.Ra2 {[%clk 0:42:26]} c6 {[%clk 0:49:03]} 20.e4 {[%clk 0:42:43]}
Nc7 {[%clk 0:49:26]} 21.Bf4 {[%clk 0:41:21]} Bg5 {[%clk 0:45:39]}
22.Bxg5 {[%clk 0:26:41]} Qxg5 {[%clk 0:46:04]} 23.Rd1 {[%clk 0:27:04]}
e5 {[%clk 0:40:29]} 24.f4 {[%clk 0:24:28]} exf4 {[%clk 0:36:40]}
25.gxf4 {[%clk 0:24:55]} Qe7 {[%clk 0:35:47]} 26.Kh1 {[%clk 0:24:49]}
Rcd8 {[%clk 0:27:24]} 27.Rad2 {[%clk 0:19:21]} Rd4 {[%clk 0:24:57]}
28.Ne5 {[%clk 0:18:32]} Rxd2 {[%clk 0:25:11]} 29.Qxd2 {[%clk 0:18:59]}
Ne6 {[%clk 0:22:44]} 30.Nd7 {[%clk 0:19:23]} Re8 {[%clk 0:18:27]}
31.f5 {[%clk 0:16:55]} Nxc5 {[%clk 0:15:18]} 32.Nxc5 {[%clk 0:17:15]}
Qxc5 {[%clk 0:15:44]} 33.Qd7 {[%clk 0:17:42]} Rb8 {[%clk 0:16:03]}
34.e5 {[%clk 0:18:04]} Qf8 {[%clk 0:12:32]} 35.e6 {[%clk 0:17:39]}
fxe6 {[%clk 0:09:48]} 36.fxe6 {[%clk 0:18:04]} Bc8 {[%clk 0:07:42]}
37.e7 {[%clk 0:01:30]} Bxd7 {[%clk 0:08:00]} 38.exf8Q+ {[%clk 0:01:56]}
Rxf8 {[%clk 0:03:28]} 39.Rxd7 {[%clk 0:02:21]} Rc8 {[%clk 0:02:57]}
40.Ra7 {[%clk 0:32:26]} c5 {[%clk 0:32:09]} 41.Bd5+ {[%clk 0:29:13]}
Kh8 {[%clk 0:32:29]} 42.Bb7 {[%clk 0:23:55]} Rd8 {[%clk 0:32:21]}
43.Rxa6 {[%clk 0:23:53]} c4 {[%clk 0:32:15]} 44.b4 {[%clk 0:23:51]}
Rd1+ {[%clk 0:31:32]} 45.Kg2 {[%clk 0:24:18]} g6 {[%clk 0:31:43]}
46.Rb6 {[%clk 0:23:42]} c3 {[%clk 0:30:32]} 47.Rc6 {[%clk 0:24:09]}
Rb1 {[%clk 0:29:46]} 48.Rxc3 {[%clk 0:24:34]} Kg7 {[%clk 0:27:37]}
49.Rc7+ {[%clk 0:24:56]} Kh6 {[%clk 0:27:40]} 50.Bd5 {[%clk 0:25:20]}
Rxb4 {[%clk 0:28:04]} 51.Bg8 {[%clk 0:25:35]} Rd4 {[%clk 0:27:37]}
52.Rxh7+ {[%clk 0:24:00]} Kg5 {[%clk 0:28:03]} 53.h3 {[%clk 0:23:49]}
Rd8 {[%clk 0:24:39]} 54.Be6 {[%clk 0:24:04]} Rd6 {[%clk 0:24:30]}
55.Bg4 {[%clk 0:22:56]} Rb6 {[%clk 0:24:23]} 56.Bd1 {[%clk 0:21:11]}
b4 {[%clk 0:23:13]} 57.Bb3 {[%clk 0:20:26]} Rd6 {[%clk 0:23:18]}
58.Rb7 {[%clk 0:20:13]} Rd2+ {[%clk 0:23:39]} 59.Kf1 {[%clk 0:20:38]}
Rd3 {[%clk 0:22:21]} 60.Be6 {[%clk 0:21:01]} Re3 {[%clk 0:21:45]}
61.Rb5+ {[%clk 0:20:59]} Kh6 {[%clk 0:19:32]} 62.Bg4 {[%clk 0:19:32]}
b3 {[%clk 0:19:47]} 63.Kf2 {[%clk 0:19:50]} Rc3 {[%clk 0:20:07]}
64.Bf3 {[%clk 0:20:07]} Rc2+ {[%clk 0:19:48]} 65.Kg3 {[%clk 0:20:33]}
b2 {[%clk 0:18:44]} 66.h4 {[%clk 0:19:38]} Rd2 {[%clk 0:16:29]}
67.Rb6 {[%clk 0:20:02]} Rd6 {[%clk 0:16:07]} 68.Rxb2 {[%clk 0:20:20]}
Rf6 {[%clk 0:16:15]} 69.Rb7 {[%clk 0:20:02]} Rd6 {[%clk 0:15:40]}
70.Re7 {[%clk 0:20:13]} Ra6 {[%clk 0:15:36]} 71.Be4 {[%clk 0:20:06]}
Rd6 {[%clk 0:14:33]} 72.Kf4 {[%clk 0:19:33]} Rf6+ {[%clk 0:14:30]}
73.Kg4 {[%clk 0:19:59]} Rf1 {[%clk 0:12:14]} 74.Re6 {[%clk 0:17:19]}
Rg1+ {[%clk 0:12:36]} 75.Kf4 {[%clk 0:17:33]} Kg7 {[%clk 0:12:40]}
76.Rd6 {[%clk 0:15:43]} Kh6 {[%clk 0:10:25]} 77.Rd7 {[%clk 0:12:57]}
Rf1+ {[%clk 0:10:03]} 78.Bf3 {[%clk 0:13:17]} Rg1 {[%clk 0:09:44]}
79.Be2 {[%clk 0:12:49]} Ra1 {[%clk 0:06:46]} 80.Bc4 {[%clk 0:10:30]}
Rh1 {[%clk 0:06:27]} 81.Kg3 {[%clk 0:10:28]} Rg1+ {[%clk 0:06:43]}
82.Kf3 {[%clk 0:10:53]} Rh1 {[%clk 0:05:56]} 83.Rd4 {[%clk 0:11:19]}
Kh5 {[%clk 0:04:59]} 84.Be2 {[%clk 0:11:34]} Kh6 {[%clk 0:05:07]}
85.Kg2 {[%clk 0:12:00]} Ra1 {[%clk 0:05:28]} 86.Rd6 {[%clk 0:12:18]}
Ra2 {[%clk 0:04:44]} 87.Kf3 {[%clk 0:12:26]} Ra4 {[%clk 0:03:46]}
88.Kg3 {[%clk 0:11:46]} Ra3+ {[%clk 0:03:23]} 89.Bd3 {[%clk 0:11:50]}
Kh5 {[%clk 0:03:50]} 90.Rd5+ {[%clk 0:11:40]} Kh6 {[%clk 0:04:15]}
91.Kf4 {[%clk 0:10:15]} Ra1 {[%clk 0:04:31]} 92.Rg5 {[%clk 0:09:17]}
Ra4+ {[%clk 0:04:37]} 93.Kg3 {[%clk 0:09:14]} Rd4 {[%clk 0:03:07]}
94.Rxg6+ {[%clk 0:09:39]} Kh5 {[%clk 0:03:24]} 95.Rg5+ {[%clk 0:09:47]}
Kh6 {[%clk 0:03:53]} 96.Be2 {[%clk 0:09:58]} Rb4 {[%clk 0:03:54]}
97.Rd5 {[%clk 0:10:00]} Rb6 {[%clk 0:03:40]} 98.Bd3 {[%clk 0:10:12]}
Rf6 {[%clk 0:03:06]} 99.Kg4 {[%clk 0:09:39]} Rb6 {[%clk 0:03:02]}
100.Rh5+ {[%clk 0:06:21]} Kg7 {[%clk 0:03:30]} 101.Rh7+ {[%clk 0:06:41]}
Kg8 {[%clk 0:03:42]} 102.Rc7 {[%clk 0:07:02]} Rd6 {[%clk 0:02:52]}
103.Bf5 {[%clk 0:07:23]} Ra6 {[%clk 0:02:46]} 104.Kg5 {[%clk 0:06:55]}
Rb6 {[%clk 0:02:34]} 105.Rc8+ {[%clk 0:07:14]} Kg7 {[%clk 0:02:44]}
106.Rc7+ {[%clk 0:07:38]} Kg8 {[%clk 0:03:04]} 107.h5 {[%clk 0:07:54]}
Rb8 {[%clk 0:02:05]} 108.Be6+ {[%clk 0:08:16]} Kf8 {[%clk 0:01:49]}
109.h6 {[%clk 0:08:28]} Rb1 {[%clk 0:01:53]} 110.Kf6 {[%clk 0:08:28]}
Rf1+ {[%clk 0:01:40]} 111.Bf5 {[%clk 0:08:53]} Re1 {[%clk 0:01:06]}
112.Rc8+ {[%clk 0:09:17]} Re8 {[%clk 0:01:27]} 113.Rxe8+ {[%clk 0:09:42]}
Kxe8 {[%clk 0:01:55]} 114.h7 {[%clk 0:10:08]} 1-0

[Event "Russian Women's Higher League 2021"]
[Site "?"]
[Date "2021.07.05"]
[Round "9.3"]
[White "Ovod, Evgenija"]
[Black "Charochkina, Daria"]
[Result "1-0"]
[WhiteElo "2322"]
[BlackElo "2333"]
[Annotator ""]
[Source ""]
[Remark ""]

1.e4 {[%clk 1:30:57]} c6 {[%clk 1:30:56]} 2.d4 {[%clk 1:31:21]}
d5 {[%clk 1:31:22]} 3.exd5 {[%clk 1:31:44]} cxd5 {[%clk 1:31:33]}
4.Bd3 {[%clk 1:32:08]} Nc6 {[%clk 1:31:58]} 5.c3 {[%clk 1:32:31]}
g6 {[%clk 1:31:42]} 6.Nf3 {[%clk 1:30:18]} Bf5 {[%clk 1:31:41]}
7.Be2 {[%clk 1:30:16]} Bg7 {[%clk 1:19:12]} 8.Nbd2 {[%clk 1:30:37]}
Nf6 {[%clk 1:19:16]} 9.Nf1 {[%clk 1:30:37]} h6 {[%clk 1:15:32]}
10.Ng3 {[%clk 1:28:24]} Be6 {[%clk 1:09:16]} 11.Bd3 {[%clk 1:23:49]}
Qd7 {[%clk 1:09:06]} 12.O-O {[%clk 1:12:24]} h5 {[%clk 1:05:26]}
13.Ng5 {[%clk 1:06:56]} h4 {[%clk 1:05:37]} 14.Nxe6 {[%clk 1:07:12]}
Qxe6 {[%clk 1:05:53]} 15.Re1 {[%clk 1:02:16]} Qd7 {[%clk 1:03:09]}
16.Nf1 {[%clk 1:02:07]} Bh6 {[%clk 0:49:37]} 17.b4 {[%clk 0:49:25]}
Bxc1 {[%clk 0:43:19]} 18.Rxc1 {[%clk 0:49:49]} Kf8 {[%clk 0:43:14]}
19.Nd2 {[%clk 0:39:54]} Kg7 {[%clk 0:37:37]} 20.Nf3 {[%clk 0:39:04]}
Rag8 {[%clk 0:30:49]} 21.b5 {[%clk 0:35:32]} Nd8 {[%clk 0:28:34]}
22.Ne5 {[%clk 0:35:51]} Qd6 {[%clk 0:27:49]} 23.f4 {[%clk 0:26:21]}
Ne6 {[%clk 0:27:07]} 24.Qd2 {[%clk 0:26:32]} Kf8 {[%clk 0:26:34]}
25.Rf1 {[%clk 0:24:25]} g5 {[%clk 0:24:50]} 26.fxg5 {[%clk 0:19:52]}
Nxg5 {[%clk 0:24:55]} 27.Rf5 {[%clk 0:19:25]} Nge4 {[%clk 0:23:14]}
28.Bxe4 {[%clk 0:19:37]} dxe4 {[%clk 0:23:36]} 29.c4 {[%clk 0:13:22]}
h3 {[%clk 0:19:58]} 30.g3 {[%clk 0:13:47]} Qa3 {[%clk 0:19:53]}
31.Qc3 {[%clk 0:08:36]} Qd6 {[%clk 0:17:25]} 32.c5 {[%clk 0:06:58]}
Qe6 {[%clk 0:13:35]} 33.Qb3 {[%clk 0:07:23]} Ke8 {[%clk 0:09:42]}
34.c6 {[%clk 0:04:48]} bxc6 {[%clk 0:09:25]} 35.bxc6 {[%clk 0:04:55]}
Qxb3 {[%clk 0:03:44]} 36.axb3 {[%clk 0:05:21]} Kd8 {[%clk 0:04:08]}
37.Nxf7+ {[%clk 0:03:29]} Kc7 {[%clk 0:04:37]} 38.Nxh8 {[%clk 0:03:53]}
Rxh8 {[%clk 0:05:05]} 39.Rb5 {[%clk 0:04:04]} e3 {[%clk 0:05:02]}
40.Rb7+ {[%clk 0:34:01]} Kd6 {[%clk 0:35:29]} 41.c7 {[%clk 0:32:47]}
Rc8 {[%clk 0:34:24]} 42.Rxa7 {[%clk 0:30:33]} Ng4 {[%clk 0:32:02]}
43.b4 {[%clk 0:23:37]} e5 {[%clk 0:26:31]} 44.dxe5+ {[%clk 0:23:44]}
Kxe5 {[%clk 0:24:37]} 45.b5 {[%clk 0:24:00]} Nf2 {[%clk 0:21:49]}
46.b6 {[%clk 0:23:35]} Nd3 {[%clk 0:22:08]} 47.b7 {[%clk 0:23:34]} 1-0

[Event "Russian Women's Higher League 2021"]
[Site "?"]
[Date "2021.07.05"]
[Round "9.4"]
[White "Chernyak, Viktoria"]
[Black "Bivol, Alina"]
[Result "1/2-1/2"]
[WhiteElo "2315"]
[BlackElo "2374"]
[Annotator ""]
[Source ""]
[Remark ""]

1.d4 {[%clk 1:30:59]} Nf6 {[%clk 1:29:37]} 2.c4 {[%clk 1:31:23]}
c5 {[%clk 1:29:21]} 3.d5 {[%clk 1:30:37]} g6 {[%clk 1:29:27]}
4.f3 {[%clk 1:30:11]} Bg7 {[%clk 1:26:45]} 5.e4 {[%clk 1:30:27]}
d6 {[%clk 1:26:46]} 6.Nc3 {[%clk 1:30:38]} O-O {[%clk 1:26:06]}
7.Nge2 {[%clk 1:29:31]} e6 {[%clk 1:22:33]} 8.Be3 {[%clk 1:27:25]}
exd5 {[%clk 1:21:00]} 9.cxd5 {[%clk 1:27:40]} Re8 {[%clk 1:17:17]}
10.Qd2 {[%clk 1:24:49]} Nbd7 {[%clk 1:14:45]} 11.Ng3 {[%clk 1:22:48]}
a6 {[%clk 1:14:01]} 12.a4 {[%clk 1:21:59]} Qa5 {[%clk 1:08:15]}
13.Ra3 {[%clk 1:16:33]} h5 {[%clk 0:58:24]} 14.Be2 {[%clk 1:13:17]}
Ne5 {[%clk 0:52:11]} 15.O-O {[%clk 1:08:09]} h4 {[%clk 0:46:18]}
16.Nh1 {[%clk 1:05:52]} Nh7 {[%clk 0:43:39]} 17.Nf2 {[%clk 0:59:11]}
f5 {[%clk 0:40:05]} 18.Raa1 {[%clk 0:45:33]} Nf7 {[%clk 0:34:33]}
19.Bd3 {[%clk 0:38:39]} Ne5 {[%clk 0:30:11]} 20.Be2 {[%clk 0:36:05]}
Nf7 {[%clk 0:30:34]} 21.Bd3 {[%clk 0:27:07]} Ne5 {[%clk 0:30:36]}
22.Be2 {[%clk 0:26:04]} Nf7 {[%clk 0:29:42]} 1/2-1/2

[Event "Russian Women's Higher League 2021"]
[Site "?"]
[Date "2021.07.05"]
[Round "9.5"]
[White "Goltseva, Ekaterina"]
[Black "Afonasieva, Anna"]
[Result "1/2-1/2"]
[WhiteElo "2272"]
[BlackElo "2323"]
[Annotator ""]
[Source ""]
[Remark ""]

1.Nf3 {[%clk 1:30:31]} d5 {[%clk 1:30:42]} 2.d4 {[%clk 1:30:55]}
Nf6 {[%clk 1:31:06]} 3.c4 {[%clk 1:31:19]} c6 {[%clk 1:31:30]}
4.e3 {[%clk 1:31:40]} e6 {[%clk 1:31:18]} 5.Nc3 {[%clk 1:32:01]}
Nbd7 {[%clk 1:31:40]} 6.Bd3 {[%clk 1:32:25]} Bd6 {[%clk 1:30:49]}
7.O-O {[%clk 1:30:50]} O-O {[%clk 1:31:12]} 8.e4 {[%clk 1:26:59]}
dxc4 {[%clk 1:27:08]} 9.Bxc4 {[%clk 1:26:47]} e5 {[%clk 1:26:33]}
10.Bg5 {[%clk 1:07:44]} b5 {[%clk 1:18:48]} 11.Bxf7+ {[%clk 0:33:34]}
Kxf7 {[%clk 1:11:21]} 12.Qb3+ {[%clk 0:33:57]} Kg6 {[%clk 1:09:27]}
13.Rad1 {[%clk 0:29:07]} Qc7 {[%clk 0:58:11]} 14.dxe5 {[%clk 0:11:25]}
Nxe5 {[%clk 0:50:22]} 15.Nd4 {[%clk 0:04:43]} Kxg5 {[%clk 0:41:44]}
16.Ncxb5 {[%clk 0:01:22]} cxb5 {[%clk 0:40:15]} 17.Nxb5 {[%clk 0:01:49]}
Nf3+ {[%clk 0:34:57]} 18.Kh1 {[%clk 0:01:10]} Rb8 {[%clk 0:30:20]}
19.gxf3 {[%clk 0:01:25]} Qc5 {[%clk 0:28:14]} 20.Rg1+ {[%clk 0:01:39]}
Kh6 {[%clk 0:27:57]} 21.Rxd6 {[%clk 0:01:34]} Rxb5 {[%clk 0:27:50]}
22.Qd3 {[%clk 0:01:43]} g6 {[%clk 0:27:44]} 23.Qd2+ {[%clk 0:01:59]}
Kg7 {[%clk 0:28:00]} 24.Rc1 {[%clk 0:02:07]} Qb4 {[%clk 0:26:17]}
25.Rc7+ {[%clk 0:02:20]} Bd7 {[%clk 0:19:01]} 26.Rdxd7+ {[%clk 0:02:34]}
Nxd7 {[%clk 0:18:04]} 27.Qxd7+ {[%clk 0:02:57]} Kf6 {[%clk 0:18:23]}
28.h4 {[%clk 0:02:13]} Rb6 {[%clk 0:07:40]} 29.Qg7+ {[%clk 0:02:35]}
Ke6 {[%clk 0:08:05]} 30.Qd7+ {[%clk 0:03:01]} Ke5 {[%clk 0:07:34]}
31.Qd5+ {[%clk 0:03:07]} Kf6 {[%clk 0:07:55]} 32.Qg5+ {[%clk 0:02:49]}
Ke6 {[%clk 0:08:20]} 33.Qd5+ {[%clk 0:03:16]} Kf6 {[%clk 0:08:45]}
34.Qg5+ {[%clk 0:03:43]} Ke6 {[%clk 0:09:11]} 35.Qd5+ {[%clk 0:04:10]}
Kf6 {[%clk 0:09:36]} 36.Qg5+ {[%clk 0:04:38]} Ke6 {[%clk 0:10:02]}
37.Qd5+ {[%clk 0:05:05]} Kf6 {[%clk 0:10:29]} 38.Qg5+ {[%clk 0:05:32]}
Ke6 {[%clk 0:10:55]} 39.Qd5+ {[%clk 0:06:00]} Kf6 {[%clk 0:11:20]}
40.Qg5+ {[%clk 0:36:26]} Ke5 1/2-1/2

[Event "Russian Women's Higher League 2021"]
[Site "?"]
[Date "2021.07.05"]
[Round "9.7"]
[White "Garifullina, Leya"]
[Black "Nur-Mukhametova, Alisa"]
[Result "1-0"]
[WhiteElo "2399"]
[BlackElo "2233"]
[Annotator ""]
[Source ""]
[Remark ""]

1.e4 {[%clk 1:27:31]} e6 {[%clk 1:30:32]} 2.d4 {[%clk 1:27:55]}
d5 {[%clk 1:30:57]} 3.Nc3 {[%clk 1:28:20]} Nf6 {[%clk 1:30:48]}
4.e5 {[%clk 1:27:51]} Nfd7 {[%clk 1:30:34]} 5.f4 {[%clk 1:28:13]}
c5 {[%clk 1:30:42]} 6.Nf3 {[%clk 1:28:38]} Nc6 {[%clk 1:31:06]}
7.Be3 {[%clk 1:28:58]} Qb6 {[%clk 1:30:27]} 8.Na4 {[%clk 1:27:40]}
Qa5+ {[%clk 1:29:29]} 9.c3 {[%clk 1:27:35]} c4 {[%clk 1:26:17]}
10.b4 {[%clk 1:26:03]} Qc7 {[%clk 1:24:13]} 11.Nb2 {[%clk 1:22:10]}
b5 {[%clk 1:23:42]} 12.a4 {[%clk 1:17:31]} bxa4 {[%clk 1:22:36]}
13.Nxa4 {[%clk 1:17:32]} a5 {[%clk 1:22:20]} 14.b5 {[%clk 1:16:56]}
Na7 {[%clk 1:22:15]} 15.f5 {[%clk 1:04:36]} exf5 {[%clk 1:11:38]}
16.Nd2 {[%clk 1:02:20]} Nxb5 {[%clk 1:06:48]} 17.Qf3 {[%clk 1:01:37]}
Bb7 {[%clk 0:57:06]} 18.Be2 {[%clk 0:57:06]} Be7 {[%clk 0:51:56]}
19.O-O {[%clk 0:56:22]} O-O {[%clk 0:50:55]} 20.Qxf5 {[%clk 0:54:35]}
Kh8 {[%clk 0:42:07]} 21.Rf3 {[%clk 0:42:08]} Nb6 {[%clk 0:34:17]}
22.Qh5 {[%clk 0:36:48]} Bc8 {[%clk 0:30:11]} 23.Nxb6 {[%clk 0:34:41]}
Qxb6 {[%clk 0:30:22]} 24.Rxf7 {[%clk 0:35:00]} Qd8 {[%clk 0:23:32]}
25.Rxf8+ {[%clk 0:27:16]} Bxf8 {[%clk 0:21:30]} 26.Bg5 {[%clk 0:25:25]}
Be7 {[%clk 0:20:22]} 27.Bxe7 {[%clk 0:24:16]} Qxe7 {[%clk 0:20:48]}
28.Qf3 {[%clk 0:23:27]} Bb7 {[%clk 0:20:13]} 29.Bd1 {[%clk 0:21:08]}
Bc6 {[%clk 0:13:46]} 30.Ba4 {[%clk 0:18:38]} Rf8 {[%clk 0:12:55]}
31.Qe3 {[%clk 0:18:56]} Na7 {[%clk 0:13:03]} 32.Bc2 {[%clk 0:19:02]}
Qc7 {[%clk 0:11:53]} 33.Qh3 {[%clk 0:18:24]} h6 {[%clk 0:10:19]}
34.Qg3 {[%clk 0:17:18]} Be8 {[%clk 0:09:57]} 35.Nf3 {[%clk 0:13:32]}
Nc6 {[%clk 0:08:59]} 36.Nh4 {[%clk 0:13:27]} Ne7 {[%clk 0:08:53]}
37.Qg4 {[%clk 0:12:51]} a4 {[%clk 0:04:13]} 38.Qe6 {[%clk 0:12:10]}
Qd7 {[%clk 0:04:01]} 39.Qd6 {[%clk 0:11:35]} Qb7 {[%clk 0:02:05]}
40.Rb1 {[%clk 0:41:00]} Qa7 {[%clk 0:32:34]} 41.Qa3 {[%clk 0:35:35]}
Kg8 {[%clk 0:29:44]} 42.h3 {[%clk 0:35:21]} Rf4 {[%clk 0:23:54]}
43.Nf3 {[%clk 0:33:43]} Bc6 {[%clk 0:20:15]} 44.Ra1 {[%clk 0:29:39]}
Rf8 {[%clk 0:20:09]} 45.Qd6 {[%clk 0:29:14]} Qd7 {[%clk 0:18:31]}
46.Kh2 {[%clk 0:27:57]} Rd8 {[%clk 0:16:53]} 47.Qb4 {[%clk 0:26:45]}
Ra8 {[%clk 0:17:01]} 48.e6 {[%clk 0:26:23]} Qc7+ {[%clk 0:15:53]}
49.Ne5 {[%clk 0:26:38]} Rb8 {[%clk 0:14:21]} 50.Qc5 {[%clk 0:25:31]}
Rb5 {[%clk 0:14:27]} 51.Qa3 {[%clk 0:25:56]} Rb6 {[%clk 0:12:44]}
52.Rf1 {[%clk 0:24:20]} Be8 {[%clk 0:12:07]} 53.Bxa4 {[%clk 0:21:58]}
Ra6 {[%clk 0:07:10]} 54.Qc1 {[%clk 0:21:22]} Rxa4 {[%clk 0:05:51]}
55.Qf4 {[%clk 0:21:47]} Ra8 {[%clk 0:05:39]} 56.Qf8+ {[%clk 0:21:18]}
Kh7 {[%clk 0:06:07]} 57.Rf4 {[%clk 0:20:45]} Ng6 {[%clk 0:05:16]}
58.Qf5 {[%clk 0:21:02]} Kh8 {[%clk 0:05:04]} 59.g3 {[%clk 0:16:32]}
Nxf4 {[%clk 0:03:01]} 60.Qf8+ {[%clk 0:16:51]} Kh7 {[%clk 0:03:30]}
61.gxf4 {[%clk 0:17:10]} Qd8 {[%clk 0:02:24]} 62.e7 {[%clk 0:16:56]}
Qd6 {[%clk 0:02:03]} 63.Kg3 {[%clk 0:16:14]} Rb8 64.h4 Bh5 {[%clk 0:00:40]}
65.e8Q {[%clk 0:13:57]} Qxf8 {[%clk 0:00:35]} 66.Qxh5 {[%clk 0:14:24]}
Qe8 {[%clk 0:00:33]} 67.Qf5+ {[%clk 0:14:39]} g6 {[%clk 0:00:32]}
68.Qc2 Kg7 {[%clk 0:00:33]} 69.Qa2 {[%clk 0:14:47]} Rb7 {[%clk 0:00:36]}
70.Qa6 {[%clk 0:14:59]} Re7 {[%clk 0:00:46]} 71.Qd6 {[%clk 0:15:20]}
Re6 {[%clk 0:00:35]} 72.Qxd5 {[%clk 0:15:45]} Qe7 {[%clk 0:00:47]}
73.Qxc4 {[%clk 0:16:01]} g5 {[%clk 0:00:37]} 74.hxg5 {[%clk 0:16:25]}
hxg5 {[%clk 0:00:52]} 75.f5 {[%clk 0:16:31]} Rf6 {[%clk 0:00:46]}
76.Qd3 {[%clk 0:16:45]} Qf8 {[%clk 0:00:35]} 77.Kg4 {[%clk 0:16:42]}
Qh8 {[%clk 0:00:33]} 78.Kxg5 {[%clk 0:15:58]} Qh6+ {[%clk 0:01:02]}
79.Kg4 {[%clk 0:16:21]} Qh2 {[%clk 0:00:57]} 80.Nf3 {[%clk 0:15:52]}
Qg2+ {[%clk 0:00:56]} 81.Kf4 {[%clk 0:16:18]} Qh3 {[%clk 0:00:34]}
82.Qe4 {[%clk 0:16:35]} Qh6+ {[%clk 0:00:32]} 83.Kg4 {[%clk 0:16:57]}
Qh1 {[%clk 0:00:33]} 84.c4 {[%clk 0:16:59]} Qg2+ {[%clk 0:00:37]}
85.Kf4 {[%clk 0:17:25]} Qb2 {[%clk 0:00:36]} 86.c5 {[%clk 0:17:32]}
Qb8+ 87.Qe5 {[%clk 0:17:25]} Qb7 {[%clk 0:00:36]} 88.Kg5 {[%clk 0:16:42]}
Qxf3 {[%clk 0:00:58]} 89.Qxf6+ {[%clk 0:17:09]} Kg8 {[%clk 0:01:22]}
90.Qe6+ {[%clk 0:17:28]} Kh7 {[%clk 0:01:31]} 91.Kf6 {[%clk 0:17:44]}
Qg4 {[%clk 0:01:45]} 92.Qf7+ {[%clk 0:17:59]} Kh8 {[%clk 0:02:08]}
93.Qe8+ {[%clk 0:18:25]} Kh7 {[%clk 0:02:30]} 94.Qg6+ {[%clk 0:18:50]}
 1-0